Využívanie nehnuteľných kultúrnych pamiatok v cestovnom ruchu na príklade Banskobystrického kraja

Význam a možnosti využívania nehnuteľných kultúrnych pamiatok v cestovnom ruchu. Posúdenie vzťahu medzi vlastníckou formou, stavebno-technickým stavom a spôsobmi využívania nehnuteľných kultúrnych pamiatok v cestovnom ruchu na príklade Banskobystrického kraja.

Gespeichert in:
Bibliographische Detailangaben
1. Verfasser: Orieška, Ján
Weitere Verfasser: Pančíková, Kristína
Format: Buchkapitel
Sprache:Slowakisch
Schlagworte:
Tags: Tag hinzufügen
Keine Tags, Fügen Sie das erste Tag hinzu!

MARC

LEADER 00000naa a2200000 4500
001 0224478
005 20221019173339.2
041 0 |a slo 
044 |a SK 
245 1 0 |a Využívanie nehnuteľných kultúrnych pamiatok v cestovnom ruchu na príklade Banskobystrického kraja  |c Ján Orieška, Kristína Pančíková 
520 |a Význam a možnosti využívania nehnuteľných kultúrnych pamiatok v cestovnom ruchu. Posúdenie vzťahu medzi vlastníckou formou, stavebno-technickým stavom a spôsobmi využívania nehnuteľných kultúrnych pamiatok v cestovnom ruchu na príklade Banskobystrického kraja. 
610 2 0 |a ruch cestovný 
610 2 0 |a pamiatky 
610 2 0 |a kultúra 
610 2 0 |a Slovensko 
100 1 |a Orieška, Ján 
700 1 |a Pančíková, Kristína